Kadra Manchesteru United w LM 2015/2016 - Statystyki

Ogólne statystyki
  • Ten quiz został rozwiązany 136 razy
  • Średni wynik to 16 z 22
Statystyki odpowiedzi
pozycja # kraj piłkarz % Poprawnych
B 1 ESP David De Gea
100%
N 9 FRA Anthony Martial
91%
P 25 ECU Antonio Valencia
91%
B 20 ARG Sergio Romero
87%
N 10 ENG Wayne Rooney
86%
P 8 ESP Juan Mata
84%
O 5 ARG Marcos Rojo
84%
O 23 ENG Luke Shaw
82%
Trener - NED Louis Van Gaal
81%
N 7 NED Memphis Depay
79%
O 4 ENG Phil Jones
78%
O 17 NED Daley Blind
77%
O 36 ITA Matteo Darmian
77%
P 27 BEL Marounae Fellaini
75%
O 12 ENG Chris Smalling
70%
P 31 GER Bastian Schweinsteiger
66%
P 21 ESP Ander Herrera
61%
P 16 ENG Michael Carrick
55%
P 35 ENG Jesse Lingard
47%
P 44 BRA Andreas Pereira
43%
P 18 ENG Ashley Young
41%
P 28 FRA Morgan Schneiderlin
36%
Nie znaleziono quizów pasujących do podanych kryteriów
Rozkład punktacji
Procent ludzi z każdym wynikiem
Percentyl według liczby udzielonych odpowiedzi
Twoja historia wyników
Nie rozwiązałeś tego quizu